Vykonávanie nemocenského poistenia

Dňa 29. mája 2002 sa uzniesla NR SR na zákone č. 413/2002 Z.z. o sociálnom poistení. Týmto zákonom sa rušia viaceré právne predpisy z oblasti nemocenského poistenia a dôchodkového zabezpečenia. Tento zákon nadobúda účinnosť 1. júla 2003. Základné pojmy na účely poistenia - zamestnanec, samostatne zá...

Full description

Saved in:
Bibliographic Details
Main Author: Matlák, Ján
Format: Book Chapter
Language:Slovak
Subjects:
Tags: Add Tag
No Tags, Be the first to tag this record!

MARC

LEADER 00000naa a2200000 4500
001 r046711
005 20231002090549.2
041 0 |a slo 
044 |a SK 
245 1 0 |a Vykonávanie nemocenského poistenia  |c Ján Matlák 
520 |a Dňa 29. mája 2002 sa uzniesla NR SR na zákone č. 413/2002 Z.z. o sociálnom poistení. Týmto zákonom sa rušia viaceré právne predpisy z oblasti nemocenského poistenia a dôchodkového zabezpečenia. Tento zákon nadobúda účinnosť 1. júla 2003. Základné pojmy na účely poistenia - zamestnanec, samostatne zárobkovo činná osoba, spolupracujúca osoba, spoločník spoločnosti s.r.o. 
610 2 0 |a poistenie sociálne 
610 2 0 |a poistenie nemocenské 
610 2 0 |a zabezpečenie dôchodkové 
610 2 0 |a úpravy právne 
610 2 0 |a pojmy 
610 2 0 |a zamestnanci 
610 2 0 |a osoby fyzické 
610 2 0 |a osoby spolupracujúce 
610 2 0 |a zamestnávatelia 
610 2 0 |a júl 
610 2 0 |a 2003 
100 1 |a Matlák, Ján